| 000 | 00598nam a2200205 i 4500 | ||
|---|---|---|---|
| 001 | 60521 | ||
| 003 | ES-MaACL | ||
| 005 | 20250822063126.0 | ||
| 007 | t| | ||
| 008 | 031105s1963 sp ||||1| spa d | ||
| 100 | 1 |
_aEspinàs, Josep M., _d1927- _947850 |
|
| 245 | 1 | 0 |
_aTarragona / _cJosé María Espinàs. |
| 250 | _a[1ª ed.]. | ||
| 260 |
_aBarcelona : _bNoguer, _c[1963] |
||
| 300 |
_a50 p., 30 lám. ; _c19 cm. |
||
| 500 | _aMás un suplemento turístico. | ||
| 651 | 4 |
_aTarragona- _vGuías turísticas. _9164151 |
|
| 852 |
_aES-MaACL _jC-27297 _bR.54169 |
||
| 999 |
_c60521 _d60521 |
||